000
00317nam a2200133Ia 4500
005
20251222143216.0
008
251222s9999||||xx |||||||||||||| ||spa||
020
_a
978-958-8675-89-3
082
_a
627/O73
100
_a
Ortiz Flórez, Ramiro
245
0
_a
Hidráulica:
264
_b
Ediciones de la U
942
_c
LIB
999
_c
13631
_d
13631